[Event "Foment Martinenc op-C 24th"]
[Site "Barcelona"]
[Date "2024.06.08"]
[Round "8"]
[White "Guzman Rodriguez, Grevy"]
[Black "Rull Monclus, Arnau"]
[Result "1/2-1/2"]
[WhiteElo "1700"]
[BlackElo "1661"]
[PlyCount "157"]
[EventDate "2024.04.20"]
[EventType "swiss"]
[EventRounds "9"]
[EventCountry "ESP"]
[SourceTitle "CB26_2024"]
[SourceDate "2024.06.26"]
[SourceVersion "1"]
[SourceVersionDate "2024.06.26"]
[SourceQuality "1"]

1. e4 e5 2. Nf3 Nc6 3. Bc4 Nf6 4. Ng5 d5 5. exd5 Nxd5 6. Nxf7 Kxf7 7. Qf3+ Ke6 8. Nc3 Ncb4 9. 0-0 c6 10. d4 Nxc2 11. Qe4 Nxd4 12. Rd1 Bc5 13. Be3 b5 14. Bxd4 Bxd4 15. Rxd4 bxc4 16. Rxc4 Bb7 17. Qg4+ Kf7 18. Qf5+ Qf6 19. Qd7+ Qe7 20. Qf5+ Nf6 21. Rc1 Qe6 22. Qd3 Ba6 23. Ne4 Rhd8 24. Ng5+ Ke7 25. Qa3+ Qd6 26. Qxd6+ Rxd6 27. Rc5 Rb8 28. b3 Rbd8 29. Rxe5+ Kf8 30. Ne6+ Rxe6 31. Rxe6 Bb7 32. h3 Rd2 33. a4 Rb2 34. Re3 Nd5 35. Rf3+ Kg8 36. Re1 g5 37. Re8+ Kg7 38. Rb8 Ba6 39. Ra8 Be2 40. Rxa7+ Kg6 41. Rg3 h5 42. h4 g4 43. Ra8 Rb1+ 44. Kh2 Rf1 45. Rg8+ Kf7 46. Rg5 Rxf2 47. Rxh5 Kg6 48. Rh8 Kg7 49. Rc8 Bf3 50. Rxc6 Nf4 51. Rc7+ Kh6 52. Kg1 Rxg2+ 53. Rxg2 Nxg2 54. a5 Nxh4 55. a6 Kg5 56. a7 Ba8 57. Rc8 Bb7 58. a8Q Bxa8 59. Rxa8 Kf4 60. Ra4+ Kg3 61. b4 Nf3+ 62. Kf1 Kh2 63. Ra2+ Kh1 64. b5 g3 65. b6 Nh2+ 66. Ke1 Nf3+ 67. Kd1 Ne5 68. b7 Nc6 69. Re2 Nb8 70. Re1+ Kh2 71. Ke2 Nc6 72. Kd3 Nb4+ 73. Kc4 Na6 74. Kb5 Nb8 75. Kb6 g2 76. Kc7 Na6+ 77. Kc8 g1Q 78. Rxg1 Kxg1 79. Kd7 1/2-1/2

[Event "Foment Martinenc op-C 24th"]
[Site "Barcelona"]
[Date "2024.05.18"]
[Round "5"]
[White "Guzman Rodriguez, Grevy"]
[Black "Costa Monteiro, Pedro"]
[Result "1-0"]
[WhiteElo "1700"]
[BlackElo "1530"]
[PlyCount "50"]
[EventDate "2024.04.20"]
[EventType "swiss"]
[EventRounds "9"]
[EventCountry "ESP"]
[SourceTitle "CB26_2024"]
[SourceDate "2024.06.26"]
[SourceVersion "1"]
[SourceVersionDate "2024.06.26"]
[SourceQuality "1"]

1. e4 c6 2. d4 d5 3. Nc3 dxe4 4. Nxe4 Nf6 5. Nxf6+ exf6 6. c3 Bd6 7. Nf3 0-0 8. Be2 Re8 9. 0-0 Bg4 10. Bd3 Nd7 11. h3 Bxf3 12. Qxf3 Nf8 13. Bf4 Bxf4 14. Qxf4 a5 15. Rad1 a4 16. d5 cxd5 17. Bc4 Re5 18. Qg3 Rc8 19. Bd3 Qb6 20. Rb1 Rce8 21. b3 axb3 22. Rxb3 Qa5 23. Rb2 Ng6 24. Bb5 R8e7 25. a4 Qxc3 1-0

[Event "Foment Martinenc op-C 24th"]
[Site "Barcelona"]
[Date "2024.04.27"]
[Round "2"]
[White "Vazquez Cortes, Carlos"]
[Black "Guzman Rodriguez, Grevy"]
[Result "1-0"]
[WhiteElo "1648"]
[BlackElo "1700"]
[PlyCount "41"]
[EventDate "2024.04.20"]
[EventType "swiss"]
[EventRounds "9"]
[EventCountry "ESP"]
[SourceTitle "CB26_2024"]
[SourceDate "2024.06.26"]
[SourceVersion "1"]
[SourceVersionDate "2024.06.26"]
[SourceQuality "1"]

1. d4 d5 2. Bf4 e6 3. Nf3 Bd6 4. Bg3 Nf6 5. Nbd2 0-0 6. e3 Nc6 7. a3 a6 8. Bd3 Re8 9. Ne5 Qe7 10. 0-0 Na5 11. c4 Nxc4 12. Ndxc4 dxc4 13. Bxc4 c5 14. Bh4 Rd8 15. Ng4 h5 16. Nxf6+ gxf6 17. Qxh5 cxd4 18. Qh6 Be5 19. Bd3 dxe3 20. Qh7+ Kf8 21. Qh8# 1-0

[Event "Foment Martinenc op-C 24th"]
[Site "Barcelona"]
[Date "2024.04.20"]
[Round "1"]
[White "Guzman Rodriguez, Grevy"]
[Black "Gomez Sanchez, Javier"]
[Result "0-1"]
[WhiteElo "1700"]
[BlackElo "1642"]
[PlyCount "64"]
[EventDate "2024.04.20"]
[EventType "swiss"]
[EventRounds "9"]
[EventCountry "ESP"]
[SourceTitle "CB26_2024"]
[SourceDate "2024.06.26"]
[SourceVersion "1"]
[SourceVersionDate "2024.06.26"]
[SourceQuality "1"]

1. e4 c6 2. d4 d5 3. Nc3 dxe4 4. Nxe4 Bf5 5. Ng3 Bg6 6. Nf3 Nf6 7. Bd3 Bxd3 8. Qxd3 Nbd7 9. 0-0 e6 10. c4 Nb6 11. Be3 Bd6 12. Ne4 Nxe4 13. Qxe4 Nxc4 14. b3 Nb6 15. Qg4 Qf6 16. Bg5 h5 17. Qh4 Qf5 18. h3 f6 19. Rae1 fxg5 20. Nxg5 0-0-0 21. Rxe6 Bf4 22. Re5 Bxg5 23. Qxg5 Qxg5 24. Rxg5 Rxd4 25. Rxg7 Re8 26. f4 Nd5 27. f5 Rf8 28. Kh2 Ne3 29. f6 Nxf1+ 30. Kg1 Rf4 31. f7 R4xf7 32. Rxf7 Rxf7 0-1